El Duque de Wellington (Record no. 6787)

MARC details
000 -CABECERA
campo de control de longitud fija 00717nam a2200241 a 4500
001 - NÚMERO DE CONTROL
campo de control BRCA_7106
005 - FECHA Y HORA DE LA ÚLTIMA TRANSACCIÓN
campo de control 20190320205721.0
008 - DATOS DE LONGITUD FIJA--INFORMACIÓN GENERAL
campo de control de longitud fija 281211r1945----mx-a######---#000-0#spa-#
041 ## - CÓDIGO DE LENGUA
Código de lengua del texto/banda sonora o título independiente spa
044 ## - CÓDIGO DEL PAÍS DE LA ENTIDAD EDITORA/PRODUCTORA
Código MARC del país mx
050 #4 - SIGNATURA TOPOGRÁFICA DE LA BIBLIOTECA DEL CONGRESO
Número de clasificación 4DA 10
Número de documento/Ítem .A43 1945
100 1# - ENTRADA PRINCIPAL--NOMBRE DE PERSONA
Nombre de persona Aldington, Richard
Fechas asociadas al nombre 1892-1962
9 (RLIN) 17666
245 10 - MENCIÓN DE TÍTULO
Título El Duque de Wellington
Mención de responsabilidad, etc. versión española de Ramón Iglesia
260 ## - PUBLICACIÓN, DISTRIBUCIÓN, ETC.
Lugar de publicación, distribución, etc. México
Nombre del editor, distribuidor, etc. FCE
Fecha de publicación, distribución, etc. [1945]
300 ## - DESCRIPCIÓN FÍSICA
Extensión 534 p.
Otras características físicas il.
Dimensiones 23 cm.
440 #0 - MENCIÓN DE SERIE/PUNTO DE ACCESO ADICIONAL--TÍTULO
Título Obras de Historia
9 (RLIN) 17667
500 ## - NOTA GENERAL
Nota general Estado físico: lomo y cibiertas deteriorados
500 ## - NOTA GENERAL
Nota general O121
600 14 - PUNTO DE ACCESO ADICIONAL DE MATERIA--NOMBRE DE PERSONA
Nombre de persona Wellington, Arthur Wellesley
Títulos y otros términos asociados al nombre Duque de
Fechas asociadas al nombre 1769-1852
9 (RLIN) 17668
700 1# - PUNTO DE ACCESO ADICIONAL--NOMBRE DE PERSONA
Nombre de persona Iglesia, Ramón
Término indicativo de función/relación tr.
9 (RLIN) 17669
902 ## - CATALOGADOR
Iniciales GFM
942 ## - ELEMENTOS DE PUNTO DE ACCESO ADICIONAL (KOHA)
Fuente del sistema de clasificación o colocación Library of Congress Classification
Tipo de ítem Koha Libros
Holdings
Estado de retiro Estado de pérdida Estado dañado No para préstamo Localización permanente Ubicación/localización actual Fecha de adquisición Número de inventario Total de préstamos Signatura topográfica completa Código de barras Fecha visto por última vez Precio válido a partir de Tipo de ítem Koha
El ejemplar forma parte de la colección y puede ser consultado según las políticas vigentes.       Biblioteca del Museo Franz Mayer (Rogerio Casas-Alatriste) Biblioteca del Museo Franz Mayer (Rogerio Casas-Alatriste) 28/12/2011 O121   4DA 10 .A43 1945 (O121) 7553 22/03/2019 22/03/2019 Libros